000
00328 a2200109 4500
001
ART_15810
005
20260410161736.0
008
260409a
245
1
0
_a
La capitalización de la deuda externa
100
1
_a
Frediani, Ramón O.
773
0
_t
Ejecutivos de finanzas
_g
- Año 7, Nº 59 (sep. 1989)
_w
REV2863
999
_c
18274
_d
18274